000 00917nam a2200205Ia 4500
003 IN-BaIIA
008 211028s9999 xx 000 0 eng d
040 _cIIA Library
080 _a524.352(083.8)
_bSUP
100 _aSrinivasan, G.
_915503
111 _aAcademy Workshop on Supernova, their Progenitors and Remnants
_cRaman Research Institute, Bangalore
_d1984 Oct. 29- Nov. 2
_915504
245 0 _aSupernova, their progenitors and remnants
_bproceedings of the academy workshop on supernova, their progenitors and remnants, held in Raman Research Institute, Bangalore, October 29- November 2, 1984
_c G. Srinivasan
260 _aBangalore
_bIndian Academy of Sciences
_c1985
300 _av, 178p.
650 _aAstronomy and astrophysics thesaurus
650 _aProgenitors
_915505
650 _aSupernova remnants
_96675
650 _aSupernovae
_91357
942 _cBK
999 _c9231
_d9231